|
|
|
|
| LEADER |
007490000a22002290004500 |
| 020 |
|
|
|a 978-81-7273-496-1
|
| 082 |
|
|
|a 025.1 P91
|
| 100 |
|
|
|a Premchand, P; Author
|
| 245 |
|
|
|a Total quality management in university libraries
|
| 250 |
|
|
|
| 260 |
|
|
|a New Delhi, Authorspress
|
| 260 |
|
|
|c 2009
|
| 460 |
|
|
|a 387p
|
| 465 |
|
|
|a Rs.700.00
|
| 500 |
|
|
|a Includes bibliographical references and index
|
| 500 |
|
|
|a P Premchand
|
| 650 |
|
|
|a Library management
|
| 650 |
|
|
|a Total quality management in libraries
|
| 650 |
|
|
|a University libraries-Management
|
| 942 |
|
|
|c BK
|
| 999 |
|
|
|c 49897
|d 49897
|
| 952 |
|
|
|0 0
|1 0
|4 0
|6 025_100000000000000_P91
|7 0
|8 ENG
|9 50629
|a MGUL
|b MGUL
|d 2013-07-16
|e Rs.700.00
|l 2
|m 2
|o 025.1 P91
|p 47778
|r 2016-09-01
|s 2016-05-10
|w 2013-07-16
|y BK
|